000 01218nam a2200325 i 4500
001 000016779
003 DO-SdBNP
005 20250226103714.0
007 ta
008 100310s2000 dr ac r 001 0 spa d
020 _a9993481912
040 _aDO-SdBNP
_bspa
_cBNPHU
_erda
082 4 _a384.697293
_bC531t
_222
100 1 _aChez Checo, José,
_d1949-
_eautor
_4aut.
_910145
245 1 3 _aLa telefonía :
_bpresencia y desarrollo en la República Dominicana /
_cJosé Chez Checo ; presentación, Jorge Iván Ramírez.
264 1 _aSanto Domingo :
_bCODETEL,
_c2000.
300 _a426 páginas :
_bilustraciones ; retratos ;
_c27 cm.
336 _atexto
_btxt
_2rdacontent
337 _asin mediación
_bn
_2rdamedia
338 _avolumen
_bnc
_2rdacarrier
490 _aColección Cultural Codetel
_v3
500 _aIncluye datos biográficos del autor en la página 427.
504 _aBibliografías : páginas 414-426.
590 _aInventariado, 2018/VM
650 4 _aEmpresas de telecomunicaciones
_zRepública Dominicana
_937181
650 4 _aTelefono
_zRepública Dominicana
_xHistoria
_937182
700 1 _aRamírez, Jorge Iván
_937183
910 _aValidado. Control de calidad. EMS
942 _2ddc
_cLBS1
999 _c16311
_d16311